| 000 | 00572nam a2200181 i 4500 | ||
|---|---|---|---|
| 001 | 69599 | ||
| 003 | ES-MaACL | ||
| 005 | 20230906170546.0 | ||
| 007 | t| | ||
| 008 | 040708s1959 sp ||||1| spa d | ||
| 100 | 1 |
_aGarcía de Eulate Luna, José Julián. _954428 |
|
| 245 | 1 | 4 |
_aLas cartas del Sargento Basilio / _cJosé Julián García de Eulate Luna, José García Luna. |
| 250 | _a[1ª ed.]. | ||
| 260 |
_aBarcelona : _bPentágono, _c[1959] ( _fGasa) |
||
| 300 |
_a268 p. ; _c17 cm. |
||
| 700 | 1 |
_aGarcía Luna, José. _954867 |
|
| 852 |
_aES-MaACL _jC-17100 _bR.44088 |
||
| 999 |
_c69599 _d69599 |
||